Statistics for Mediterranean Flags

Click here to take the quiz!

General Stats

  • This quiz has been taken 25 times
  • The average score is 22 of 23

Answer Stats

Answer% Correct
Albania
100%
Croatia
100%
Cyprus
100%
France
100%
Greece
100%
Israel
100%
Italy
100%
Montenegro
100%
Turkey
100%
Algeria
96%
Egypt
96%
Lebanon
96%
Libya
96%
Malta
96%
Monaco
96%
Morocco
96%
Slovenia
96%
Spain
96%
Bosnia and Herzegovina
92%
Syria
92%
Tunisia
92%
Palestine
84%
Gibraltar
80%

Score Distribution

Percentile by Number Answered

Percent of People with Each Score

Your Score History

You have not taken this quiz